000 00335nam a2200133Ia 4500
008 230917s9999||||xx |||||||||||||| ||und||
040 _e108829
_aMAIN
041 _aEnglish
082 _a589.3 V58V
100 _aMalik, Sonia
245 0 _aVerification of sunk cost effect in human decision making
300 _a153 p.
942 _cTH
999 _c124274
_d124274